• 首页
  • 本馆介绍
  • 公告通知
  • 最新文献
  • 馆藏检索
  • 电子资源
  • 读者导购
  • 参考咨询
  • 我的图书馆
  • 登录
  • 详细信息显示
  • 放入我的书架
  • 预约/预借图书
  • 作者相关作品
  • 分类相关作品
  • 丛书相关作品
  • 出版社相关作品

书目信息

  • 表格格式
  • 工作单格式
  • 卡片格式
题名:
精神分析与中国人的心理世界
    
 
作者: 博拉斯 著 ;李明 译
分册:  
出版信息: 北京   中国轻工业出版社  2015
页数: 178页
开本: 23cm
丛书名:
单 册:
中图分类: B84-065 , C955.2
科图分类:
主题词: 精神分析--jing shen fen xi--研究 , 民族心理--min zu xin li--研究--中国
电子资源:
ISBN: 978-7-5184-0087-4
000 01053nam0 22002891 450
001 1754515777
005 20170516112211.0
010    @a978-7-5184-0087-4@dCNY36.00
100    @a20150421d2015 em y0chiy50 ea
101 1  @achi@ceng
102    @aCN@b110000
105    @ay z 000yy
106    @ar
200 1  @a精神分析与中国人的心理世界@9jing shen fen xi yu zhong guo ren de xin li shi jie@dChina on the mind@f(英)Christopher Bollas著@g李明译@zeng
210    @a北京@c中国轻工业出版社@d2015
215    @a178页@d23cm
300    @a千万心理
330    @a本书主要内容分为三部分,包括滥觞、实证、大观。作者从哲学心理学的角度对中国心学做了一个阐述,让我们了解自己的心理学变迁脉络。
510 1  @aChina on the mind@zeng
606 0  @a精神分析@9jing shen fen xi@x研究
606 0  @a民族心理@9min zu xin li@x研究@y中国
690    @aB84-065@v5
690    @aC955.2@v5
701  0 @c(英)@a博拉斯@9bo la si@c(Bollas, Christopher)@4著
702  0 @a李明@9li ming@c(心理学)@4译
801  0 @aCN@b百万庄@c20170513
905    @b1005906-11@dB84-065@e1738@f6
    
    精神分析与中国人的心理世界=China on the mind/(英)Christopher Bollas著/李明译.-北京:中国轻工业出版社,2015
    178页;23cm
    千万心理
    
    ISBN 978-7-5184-0087-4:CNY36.00
    本书主要内容分为三部分,包括滥觞、实证、大观。作者从哲学心理学的角度对中国心学做了一个阐述,让我们了解自己的心理学变迁脉络。
●
相关链接 在E读中查询图书 在五车中查询图书 在当当中查询图书 在豆瓣中查询图书


正题名:精神分析与中国人的心理世界     索取号:B84-065/1738         预约/预借

序号 登录号 条形码 馆藏地/架位号 状态 备注
1 1005906   210059069   第一样本阅览室/ [索取号:B84-065/1738] 在馆    
2 1005907   210059078   教育系资料室/ [索取号:B84-065/1738] 在馆    
3 1005908   210059087   教育系资料室/ [索取号:B84-065/1738] 在馆    
4 1005909   210059096   教育系资料室/ [索取号:B84-065/1738] 在馆    
5 1005910   210059103   第一借阅区/ [索取号:B84-065/1738] 在馆    
6 1005911   210059112   第一借阅区/ [索取号:B84-065/1738] 在馆    
唐山师范学院图书馆 欢迎您!
大连网信软件有限公司© 版权所有